000 00383cam a22001457a 4500
008 180718b2000 xxu||||| |||| 00| 0 eng d
020 _a0198298560
082 _aH57 V668
245 _aWorld jury systems
_cedited by Neil Vidmar
260 _aOxford
_bOxford Univ. Press
_c2000
300 _a464p.
440 _aOxferd socio-legal studies
650 _aJury
700 _aVidmar, Neil
999 _c395634
_d395634